| 000 | 00360nam a22001457a 4500 | ||
|---|---|---|---|
| 003 | SGT | ||
| 082 |
_a617.6342 _bE21G |
||
| 100 | _aGupta, Vipul | ||
| 245 | _aEvaluation of Periapical healing... | ||
| 260 |
_aGurugram, Haryana _bSGT University _c2021 |
||
| 300 | _a94 | ||
| 650 | _aConservative Dentistry | ||
| 653 | _aConservative Dentistry | ||
| 942 |
_2ddc _cTH |
||
| 999 |
_c23607 _d23607 |
||